000 00343nam a2200133 i 4500
001 bg
100 1 _aMOSTOWICZ, E.
245 0 _aMetody i techniki badania potrzeb informacyjnych inżynierów... /
_cE. Mostowicz.
260 _aWarszawa,
_c1984.
040 _cBPK
041 _apol
942 _cKS
008 s pl f |000 0 pol
999 _c27974
_d27974
856 _uhttp://koha.tu.koszalin.pl/cgi-bin/koha/opac-detail.pl?biblionumber=27974
_yKatalog online BPK